[Event "Moscow Aeroflot op-A"]
[Site "Moscow"]
[Date "2007.02.16"]
[Round "3"]
[White "Shaposhnikov, Evgeny"]
[Black "Berg, Emanuel"]
[Result "1-0"]
[WhiteElo "2554"]
[BlackElo "2586"]
[Annotator "Berg,E"]
[PlyCount "103"]
[EventDate "2007.02.14"]
[EventType "swiss"]
[EventRounds "9"]
[EventCountry "RUS"]
[SourceTitle "CBM 117"]
[Source "ChessBase"]
[SourceDate "2007.03.30"]
[SourceVersion "1"]
[SourceVersionDate "2007.03.30"]
[SourceQuality "1"]

1. e4 e6 2. d4 d5 3. Nc3 Bb4 4. e5 Ne7 5. a3 Bxc3+ 6. bxc3 b6 {A new try for
me in the French Winawer. During the past year there has happend a lot in the
variation} (6... c5 7. Qg4 O-O 8. Bd3 {and especially the game
Karjakin-Jussupow has made the whole variation very critical for Black.}) 7.
Qg4 Ng6 8. h4 h5 9. Qd1 Ne7 $2 {After this move White gets a solid plus.
During the game I remembered the prepared} (9... Qd7 {but then I could not see
what to play against} 10. Be2 {threatening the pawn on h5. However, there is a
tactical defence after} Ba6 11. Bxh5 Qb5 $1 12. Be2 Qa5 {and Black wins back a
pawn either on c3 or h4. Anyway the white position is preferable after} 13.
Bxa6 Nxa6 14. Nf3 Qxc3+ 15. Bd2 Qc4 16. Qe2 {with a slight edge.}) 10. Bg5 $1 {
White will soone force the weakening ...g7-g6 and then the Bishop will become
very useful here.} Qd7 11. Be2 g6 12. a4 Ba6 13. Bxa6 Nxa6 14. Bf6 {[%csl Gf6]}
Rh7 $1 {Not a very funny move to play, but here it's absolutely necesary. In
case of} (14... Rg8 15. Qd2 {[%csl Rg8][%cal Yd2h6,Yh6h7] Black is in big
trouble.}) 15. Nf3 Ng8 $8 {Also necessary as to meet Ng5 with ...Nxf6.} 16. Qd3
Nb8 17. O-O Nc6 18. c4 $1 {Well timed. Black was just about to play ...Na5
taking control over the c4-square. Now White opens up the position to exploit
the black King.} Nxf6 {When the position opens up the black rook cannot stay
on h7 forever. White gets a very strong pawn on f6 now, but at least Black is
able to develop his pieces.} 19. exf6 dxc4 20. Qxc4 Rh8 {Activates the rook
and along the 8th rank.} ({In case of the immediate} 20... O-O-O 21. a5 {
will be quite annoying for Black.}) 21. Ne5 {White decides to exchange knights
and get a solid protection of the pawn on f6. However, entering a position
with only heavy pieces the drawing tendens get a lot bigger, so perhaps it was
better just to continue the pressure with} (21. Rfe1 {and it's not so easy to
see what Black should do.}) 21... Nxe5 22. dxe5 O-O-O {Finally "Boarding
Completed".} 23. a5 Qd5 24. Qe2 Qc6 ({Is was not at all bad to play} 24... b5
$5 {not to allow White opening the a-file. In the game Black is bound to
defence without any counterplay.}) 25. axb6 axb6 26. Qa6+ Qb7 27. Qa4 c5 {
A necessary weakening as} (27... Rd5 {looses after} 28. Qa8+ Qb8 29. Qc6 Rc5
30. Qf3 c6 31. Ra6 Rd8 32. Rfa1 Qxe5 33. Ra8+ Kd7 34. R1a7+ $18) 28. Qb5 Kc7
29. Ra3 Rd4 30. c3 ({In case of} 30. Rfa1 {Black has the tactical idea of} Rhd8
{to meet} 31. Ra7 {with} Rd1+ 32. Kh2 Rxa1 {and if now capturing the queen
Black has a material advantage. After} 33. Rxa1 {White is still better, but
it's hard to find anything convincing if Black just holds on to waiting
strategy.}) 30... Rdd8 31. Rb1 Ra8 32. Rab3 Rhb8 ({It would have been better
to play} 32... Rab8 {[%cal Yh8d8] in order to place the other rook on d8.
Leaving the a-file is not a problem.}) 33. Qe2 Ra4 $6 {this only helps White
as Black's idea with ...Qa6 and ...Ra1 doesn't work.} (33... Qc6 34. c4 Rd8 {
can be met by} 35. Rxb6 $1 Qxb6 36. Rxb6 Kxb6 37. Qb2+ Ka7 38. Qa3+ Kb6 39.
Qb3+ Kc7 40. Qb5 {and the c5-pawn falls with a won position for White.}) ({
Instead Black should have tried} 33... Rd8 {and then just ...Rab8 and ...Qc6
to hold on and wait for White.}) 34. c4 Qa6 $2 (34... Raa8 {would have been
necessary.}) 35. Qd1 $1 {Now White enters on the d-file with a won position.}
Rd8 36. Rd3 Ra1 $1 {The best try, but not quite enough anyway.} 37. Rxd8 Rxb1
38. Qxb1 Kxd8 39. Qd3+ Ke8 ({Equally hopeless is} 39... Kc8 40. Qd6 {and there
is no way of protecting the f7-pawn.}) 40. Qd6 Qb7 41. Kh2 Qa7 42. f3 {An
important tempo in the upcomming queen endgame. Anyway White would still be
winning after} (42. Kg3 Qb7 43. Kf4 $2 (43. f3 $18 {leads to the game}) 43...
Qd7 {White is no longer winning after} 44. Qb8+ Qd8 45. Qxd8+ Kxd8 46. f3 Kc7
47. Ke3 b5 48. cxb5 Kb6 49. g4 Kxb5 50. gxh5 gxh5 51. f4 Kc6 52. Ke4 $1 {
and Black is in zugzwang.}) 42... Qb7 43. Kg3 Qa7 44. Kf4 Qd7 {Waiting
strategy doesn't work any longer as White is about to enter with the King on
the kingside to g7 via g5 and h6. Also g2-g4 is a threat.} 45. Qb8+ Qd8 46.
Qxd8+ Kxd8 47. g4 Kd7 48. g5 {A strange-looking move to me closing the
kingside, but here almost everything was wining for White. Now the idea is to
go around with the king to b5 and in the right moment push f5, queening one of
the kingside pawns.} Kc6 49. Ke3 {Waiting doesn't help as the Whitte king will
enter b5.} b5 50. cxb5+ Kxb5 51. f4 $1 {Now the black king is too far away to
stop the storming pawns.} Kc6 52. f5 1-0

[Event "EU-ch 9th"]
[Site "Plovdiv"]
[Date "2008.04.29"]
[Round "8"]
[White "Akopian, Vladimir Eduardovic"]
[Black "Berg, Emanuel"]
[Result "1/2-1/2"]
[WhiteElo "2673"]
[BlackElo "2601"]
[Annotator "Berg,E"]
[PlyCount "54"]
[EventDate "2008.04.21"]
[EventType "swiss"]
[EventRounds "11"]
[EventCountry "BUL"]
[SourceTitle "CBM 124"]
[Source "ChessBase"]
[SourceDate "2008.05.28"]
[SourceVersion "1"]
[SourceVersionDate "2008.05.28"]
[SourceQuality "1"]

1. e4 e6 2. d4 d5 3. Nc3 Bb4 4. e5 Qd7 $5 {An interesting old line of the
Winawer. Black has a simple and positionally sound plan. The main idéa is to
exchange the light squared bishops with ...b6 and ...Ba6 as soon as possible
and after an exchange on c3 Black will get a nice square for his knight on c4.
The queen move to d7 is played in order to meet Qg4 with ...f5 protecting the
g7-pawn.} 5. a3 {This is the most common move in the position, but it also
fits Blacks plan perfectly as now the White pawn structure will be damaged and
the c4-square will be vulnerable. However White wil get a lot of activity and
will try to force matters before Black occupies the c4-square with his knight.}
({The main alternatives are} 5. Bd2 {to capture back with the bishop in the
event of an exchange on c3 and}) (5. Qg4 {immediately attacking the black
kingside without loosing any time.}) 5... Bxc3+ 6. bxc3 b6 7. Qg4 ({White also
has the solid option} 7. Bd3 {as was played in Swinkels,R-Berg,E/Maastricht
2008/[Berg,Emanuel]. White puts the bishop on d3 in order to capture back with
his c-pawn later on. There followed} Ba6 8. a4 Bxd3 9. cxd3 Nc6 10. Nf3 (10.
Ne2 {was an interesting alternative with the idea of playing Ng3-h5 or at some
point f4-f5.}) 10... Nge7 11. O-O O-O 12. Ba3 Rfc8 13. Qc2 Na5 14. Rfb1 Nb7 15.
Bb4 h6 {1-0 Swinkels,R-Berg,E/Maastricht 2008/[Berg,Emanuel] (40). with a
balanced position.}) 7... f5 8. Qg3 Ba6 9. Bxa6 {This move is almost always
played, but here too} (9. Bd3 {is a worthy alternative avoiding weakening the
c4-square.}) 9... Nxa6 10. Ne2 ({White can also try} 10. a4 $5 {in order to
open the a-file after} Nb8 11. a5 Nc6 12. axb6 cxb6 13. Nh3 $1 {Stronger than
13.Ne2. The knight is heading for f4, but from here it also prevents Black
from playing} Qf7 {as it will fall victim to} 14. Ng5 Qg6 15. Nxe6 $1 Qxe6 16.
Qxg7 {winning an exchange for White. Black has still got some counterplay but
after defending correctly White is simply winning, e g} Qg6 17. Qxh8 Qxg2 (
17... Nd8 18. e6 Nc6 19. h4 O-O-O 20. Bg5 $1 Qxe6+ 21. Kf1 Rd7 22. Rh3 $18) 18.
Rf1 O-O-O 19. Qxh7 Qe4+ 20. Be3 Qxc2 21. Rc1 Qd3 22. Rg1 Nge7 23. Rg7 $18) ({
White can get rid of his doubled c-pawn by playing} 10. Qd3 Nb8 11. c4 {
but Black will have good counterplay after} dxc4 12. Qxc4 Nc6 13. Nf3 Nge7 {
with pressure along the d-file.}) 10... O-O-O $1 (10... Nb8 $2 {was played in
0-1 Kosintseva,T-Berg,E/Moscow 2007/CBM 117/[Berg,E]. However, here White
could have improved with} 11. Nf4 $1 ({In the game there followed} 11. h4 $6 {
This is too slow and only gives extra time for Black to complete his knight
manoeuvre to c4.} Nc6 12. h5 O-O-O 13. Bg5 Rf8 14. Nf4 Nh6 $1 15. Bxh6 gxh6 16.
Qd3 Kb7 17. a4 Na5 18. Ke2 a6 19. Rhb1 Rhg8 {0-1 Kosintseva,T-Berg,E/Moscow
2007/CBM 117/[Berg,E] (33). Black has an excellent game with the better
prospects on both wings.}) 11... Nc6 $2 ({Necessary is the sad-looking} 11...
Kf7 {after which the black king will become very vulnerable and White's
position is clearly favourable.}) 12. Nxe6 $1 Qxe6 13. Qxg7 {The rook on h8
will be lost and Black simply doesn..t get enough counterplay for the exchange.
} O-O-O (13... Qg6 14. Qxh8 Nd8 (14... Qxg2 15. Rf1 O-O-O 16. Qxh7 Qe4+ 17. Be3
Qxc2 18. Rc1 Qd3 {is not enough. White continues with} 19. Rg1 Nge7 20. Rg7 {
with a won position allthogh some good technique might still be needed.}) 15.
e6 $1 {opens the way for the white queen to e5.}) 14. Qxh8 Qg6 15. O-O Rd7 (
15... Re8 16. h4 $1 {White threatens to play h5 and the queen wil escape via
g7.}) 16. Re1 $1 h5 17. e6 Rh7 18. e7 {Forced, but also winning for White. Now
the queen will get the square it needs on e5.}) 11. Nf4 ({Also interesting is} 
11. a4 Nb8 12. a5 Nc6 13. axb6 cxb6 (13... axb6 $2 14. Qd3 {gives White a
strong attack.}) 14. O-O Kb8 15. Bg5 Nge7 16. Rfb1 $40) 11... Nb8 12. O-O ({
White could also play} 12. h4 {with the idea} Nc6 13. Nh5 g6 (13... Qf7 $2 {
is bad in view of} 14. Qxg7 (14. Nxg7 $4 Rd7 $19) 14... Qxh5 15. Qxh8 Qg6 16.
Kf1 {followed by Rh3 and the white quen will soon get out. White has a clear
advantage.}) 14. Nf4 (14. Nf6 $2 Nxf6 15. exf6 e5 $1 {is good for Black.})
14... Nge7 15. h5 Rdg8 {Black is doing fine.}) ({More promising is} 12. a4 Nc6
13. a5 $1 {A strong exchange sacrifice invented by Judit Polgar. Now Black
comes under heavy pressure.} ({After} 13. Ba3 {Black had a good game after} Na5
14. Bb4 Nc4 15. a5 g6 16. Qg5 Re8 17. h4 Ne7 18. h5 Nc6 19. axb6 cxb6 20. hxg6
hxg6 21. Rh6 a5 22. Ba3 Nd8 23. Rxh8 Rxh8 24. Nh3 Qa4 {0-1 Hirneise,T-Brynell,
S/Copenhagen 2007/CBM 119 ext (50)}) 13... Nxa5 14. Rxa5 bxa5 15. O-O Kb8 16.
Ba3 Ne7 17. Bxe7 $1 {Removing the last minor piece from Black, which makes his
position very hard to defend.} Qxe7 18. Qd3 c6 19. Qa6 Ka8 $2 {After this
White gets a clear advantage. The alternative would be} (19... Rd7 {but here
too White will have a nice position after} 20. Nd3 Rb7 21. Nc5 Rb6 22. Qxa5 Ka8
23. Qa4 Rhb8 24. c4 $1 {with compensation for the exchange. The black position
is rather cramped. The rook on b6 must protect the c6-pawn and the queen
cannot leave the seventh rank as it would allow the queen sac on a7 followed
by Ra1+ and Rza6#.}) 20. Qxc6+ Qb7 21. Qxe6 $16 {1-0 Polgar,J-Adams,M/Haifa
1989/EU-chT (43)}) 12... Nc6 13. Re1 $2 {This move is played to prepare Nh5,
but it takes too long and allows Black excellent counterplay on the queenside.
Still interesting was} (13. a4 Na5 14. Ba3 Nc4 15. a5 $1 Nxa5 16. Bb4 Nc6 17.
c4 $5 {An interesting piece sacrifice.} (17. Qd3 {followed by Qa6+ also gives
White good attacking chances.}) 17... Nxb4 18. Rxa7 $13 {White has sacrificed
a lot of material, but Black is behind in development and White´s attack looks
very dangerous.}) ({White could also play} 13. Nh5 $5 {immediately as the trick
} Qf7 {doesn´t work after} ({Necessary is} 13... g6 14. Nf4 (14. Nf6 {loses a
pawn to} Nxf6 15. exf6 Rdf8 16. Re1 Rxf6 {and Black is doing fine. although
White seems to have enough compensation for the sacrificed pawn.}) 14... Nge7 {
White has got some play on the kingside but the excellent outpost on c4 for
Black's knight should secure him equality.}) 14. Qxg7 $4 Qxh5 15. Qxh8 Qf7 {
Threatening ...Nc6-e7-g6 winning the queen.} 16. Bg5 Nce7 17. Bf6 $1 {and the
queen escapes from the corner.} (17. Bxe7 {loses the queen after} Qxe7 18. f4
Rf8 19. Rf3 Nh6 $19 {and Black is winning.})) 13... Na5 14. Nh5 g6 (14... Qf7
$2 {doesn´t work here as after} 15. Qxg7 Qxh5 16. Qxh8 Qg6 17. Re3 {followed
by Rg3 or Rh3 the queen will get out with a clear advantage for White.}) 15.
Nf6 ({After} 15. Nf4 {I had planned to follow up with} Ne7 16. Qh4 Rdf8 $1 {
Preventing Qf6.} 17. Qh6 Rf7 18. a4 Ng8 19. Qh4 Rg7 {and Black has managed to
take control over his weakened black squares on the kingside.}) 15... Qf7 16.
h4 h6 17. Bf4 ({After} 17. a4 {Black wins a pawn with} Nxf6 18. exf6 Qxf6 $15 {
and has a slight edge.}) 17... Nc4 18. a4 a5 $1 {Blocking the queenside which
basically takes away all possible counterplay fo White. Black is already
slightly better.} 19. f3 $1 {White gives a square for his king on f2 that
might be useful if Black opens the h-file by playing ...g5 at some point.} (19.
Re2 $2 {is bad in view of} g5 $1 20. hxg5 hxg5 21. Qxg5 ({After} 21. Bxg5 Nxf6
22. Bxf6 Rdg8 23. Qf3 Rh7 24. g3 Rg4 {Black is also winning, e g} 25. Rd1 Qh5
26. Qg2 Re4 $1 27. Ree1 Nd2 28. f4 Nf3+ 29. Kf2 Rxe1 30. Rxe1 Nxe1 31. Kxe1
Qh1+ $18) 21... Nxf6 22. Qxf6 Qh5 $19) 19... Kb7 ({A very interesting option
was} 19... g5 $5 20. hxg5 hxg5 21. Qxg5 (21. Bxg5 Nxf6 22. exf6 (22. Bxf6 Rdg8
23. Qf4 Qg6 24. Re2 Rh3 {gives Black a clear advantage.}) 22... Rdg8 23. f4 Nd2
{followed by ...Ne4 with an advantage to Black.}) 21... Rf8 $1 {Preparing ...
Nxf6} 22. Bg3 Nxf6 23. exf6 Rfg8 24. Qf4 Rh7 25. Bh4 Rgh8 26. g3 Qxf6 $1 {
with a clear edge for Black. White´s king's position looks terrible and Black
has a very strong knight on c4.}) 20. Re2 Qg7 (20... g5 $1 {gives plenty of
counterplay for the sacrificed pawn and good winning chances for Black.} 21.
hxg5 hxg5 22. Qxg5 (22. Bxg5 Nxf6 23. exf6 (23. Bxf6 Rdg8 24. Qf4 Rh7 25. Kf2
Qg6 26. Rg1 Qe8 27. Ra1 Nb2 $17) 23... Rdg8 24. Rae1 Rh5 25. f4 Nd6 26. Rxe6
Ne4 27. Re7 (27. R6xe4 dxe4 {is also preferable for Black. White has two pawns
for the exchange, but no real counterplay. The bishop on g5 is locked out by
his own pawns on f4 and f6 and the queenside pawns are rather weak.}) 27...
Qxf6 $1 28. Bxf6 Rxg3 {Black wins back the sacrificed pawn by Rxc3 next move
and has a clear advantage.}) 22... Rf8 $1 {A strong intermediate move
preparing ...Nxf6 which is now a serious threat.} 23. Bg3 (23. Qg3 Nxf6 24.
exf6 Rfg8 25. Qf2 Rh5 26. Ree1 (26. Rae1 $4 Qh7 $19) 26... Qxf6 27. Kf1 Qg6 $17
) 23... Nxf6 24. exf6 (24. Qxf6 $4 Qg8 $19) 24... Rfg8 25. Qf4 Rg6 26. Bh4 Rgh6
27. g3 Qxf6 $1 28. Rae1 Qg7 $17 {Black is clearly better.}) 21. Rae1 (21. Nh5
Qf7 22. Nf6 $11) (21. Kf2 $5) 21... Ne7 22. Rb1 $2 {This move allows Black a
strong exchange sacrifice.} ({Better was} 22. Nh5 $1 Qf7 23. Nf6 $11 {going
for the draw.}) ({Also} 22. Kf2 {seems to be a better way for White in order
to get quick counterplay on the h-file if Black opens the h-file. However the
Black position is still preferable after the strong exchange sacrifice} Rdg8 $1
23. Nxg8 Rxg8 24. Rh1 g5 25. hxg5 hxg5 26. Bc1 f4 27. Qg4 (27. Qh3 Nf5 {
[%csl Rc1,Gc4,Gf5] Black has full compensation for the sacrificed exchange.}
28. Qh7 Ng3 29. Rh6 Qxh7 30. Rxh7 Nxe2 31. Kxe2 b5 $1 32. axb5 a4 33. Rh6 a3
34. Bxa3 Nxa3 35. Rxe6 Nxb5 $17) 27... Nf5 $15) 22... Kc8 $2 {My idea with
this move was to play ...Rdf8 next without allowing Nd7 followed by Nc5+.
However White will not allow my rook manoeuvre to f7 as the game will show.
Therefore} (22... Rdg8 $1 {definitely should have been played and White is put
under pressure.} 23. Nxg8 Rxg8 24. Kf2 ({Stronger is} 24. Bc1 $1 {in order to
stop Black from playing ...f5-f4.} g5 25. Qh3 $1 Qg6 (25... Qf7 26. hxg5 hxg5
27. g4) 26. hxg5 hxg5 27. g4 (27. Rf2 f4 28. g4 fxg3 29. Qxg3 Nf5 30. Qh3 Qe8
31. Ra1 Rh8 $36 {gives Black a very strong initiative.}) 27... Qe8 {Black has
compensation for the exchange, but now that the knight on e7 doesn´t have a
possible square on f5 it's not that clear anymore.}) 24... g5 25. hxg5 hxg5 26.
Bd2 f4 27. Qh3 Nf5 {Black has a clear advantage as now White is unable to
control the h-file.} 28. Rh1 Ng3 29. Qxe6 $4 Nxh1+ 30. Kg1 Rd8 $1 31. Kxh1 Qh7+
32. Kg1 Qxc2 $19) 23. Kf2 Rdf8 {Now Black is about to play ...Rf7 with the
idea of ...Qf8 and ...Rg7 which might be unpleasent for White.} ({The last
chance for} 23... Rdg8 $5 {but here it's not that great anymore as the Black
king is slightly misplaced on c8 and White is rather well prepared for the ...
g5-break.} 24. Nxg8 Rxg8 25. Bc1 g5 $44 {Black has compensation for the
exchange, but White shoud be ok after} 26. f4 gxh4 $5 (26... g4 {blocks the
position completely and most likely leads to a draw.}) 27. Qxg7 Rxg7 28. Kf1 $1
{with the idea} Rg3 29. Rf2 {followed by Rf3 or 29...Rxc3 30.Rb3! and White is
fine.}) 24. Nh5 $1 {Forcing the draw. Any tries of White to continue the game
would only give Black time to improve his position.} Qh7 25. Nf6 Qg7 26. Nh5
Qf7 27. Nf6 Qg7 (27... Ng8 28. Rbe1 $11) ({Black could still play on with} 
27... Nc6 {but the position remains about equal.}) 1/2-1/2